Entrepreneurial small business. / (Record no. 7161)
[ view plain ]
| 000 -LEADER | |
|---|---|
| fixed length control field | 02023nam a22002177a 4500 |
| 003 - CONTROL NUMBER IDENTIFIER | |
| control field | OSt |
| 005 - DATE AND TIME OF LATEST TRANSACTION | |
| control field | 20220712135454.0 |
| 008 - FIXED-LENGTH DATA ELEMENTS--GENERAL INFORMATION | |
| fixed length control field | 200311b xxu||||| |||| 00| 0 eng d |
| 020 ## - INTERNATIONAL STANDARD BOOK NUMBER | |
| International Standard Book Number | 9780078029424 |
| 040 ## - CATALOGING SOURCE | |
| Transcribing agency | WIUC |
| 050 ## - LIBRARY OF CONGRESS CALL NUMBER | |
| Classification number | HD62.7.K385(4e) |
| 100 ## - MAIN ENTRY--PERSONAL NAME | |
| Personal name | Katz, Jerome A. |
| 245 ## - TITLE STATEMENT | |
| Title | Entrepreneurial small business. / |
| Statement of responsibility, etc. | Jerome A. Katz and Richard P. Green. |
| 250 ## - EDITION STATEMENT | |
| Edition statement | 4th ed. |
| 260 ## - PUBLICATION, DISTRIBUTION, ETC. | |
| Place of publication, distribution, etc. | New York : |
| Name of publisher, distributor, etc. | McGraw-Hill/ Irwin, |
| Date of publication, distribution, etc. | 2014. |
| 300 ## - PHYSICAL DESCRIPTION | |
| Extent | xxxiv, 674 p. : |
| Other physical details | ill. ; |
| Dimensions | 29 cm. |
| 500 ## - GENERAL NOTE | |
| General note | Includes bibliographical references and index. |
| 505 ## - FORMATTED CONTENTS NOTE | |
| Formatted contents note | Contents:Part one: Entrepreneurs and ideas: the basis of small business: Small business: its opportunities and rewards -- Small business entrepreneurs: characteristics and competencies -- Small business environment: managing external relations -- Small business ideas: creativity, opportunity, and feasibility -- Part two: Small business paths and plans: Small business entry: path to part time entrepreneurship -- Small business entry: paths to full-time entrepreneurship -- Small business strategies: limitation with a twist -- Business plans: seeing audiences and your business clearly -- Part three: Marketing in the small business: Small business marketing: product and pricing strategies -- Small business promotion: capturing the eyes of your market -- Small business distribution and location -- Marketing plans: saying how you'll get sales -- Part four: Cash, accounting and finance in the small business -- Small business accounting: projecting and evaluating performance -- Cash: lifeblood of the business -- Small business finance: using equity, debt and gifts -- Assets: inventory and operations management -- Small business protection: risk management and insurance -- Part five: Management and organisation in the small business: Legal issues: recognizing your small business needs -- Human resource management: small business considerations -- Achieving success in the small business. |
| 700 ## - ADDED ENTRY--PERSONAL NAME | |
| Personal name | Green, Richard P. |
| 942 ## - ADDED ENTRY ELEMENTS (KOHA) | |
| Source of classification or shelving scheme | Library of Congress Classification |
| Koha item type | Books |
| Withdrawn status | Lost status | Source of classification or shelving scheme | Damaged status | Not for loan | Home library | Current library | Shelving location | Date acquired | Full call number | Barcode | Date last seen | Copy number | Price effective from | Koha item type |
|---|---|---|---|---|---|---|---|---|---|---|---|---|---|---|
| Library of Congress Classification | WISCONSIN INTERNATIONAL UNIVERSITY COLLEGE, GHANA - MAIN LIBRARY | WISCONSIN INTERNATIONAL UNIVERSITY COLLEGE, GHANA - MAIN LIBRARY | Reference | 11/03/2020 | HD62.7.K385(4e) | 8594/046/20 | 11/03/2020 | 1 | 11/03/2020 | Books | ||||
| Library of Congress Classification | WISCONSIN INTERNATIONAL UNIVERSITY COLLEGE, GHANA - MAIN LIBRARY | WISCONSIN INTERNATIONAL UNIVERSITY COLLEGE, GHANA - MAIN LIBRARY | Reference | 29/06/2022 | HD62.7.K3851(4e) | 8595/047/20 | 29/06/2022 | 2 | 29/06/2022 | Books |
